Piłka nożna - La Liga kółko i krzyżyk vol. 2 - Statystyki

Ogólne statystyki
  • Ten quiz został rozwiązany 1 287 razy
  • Średni wynik to 5 z 9
Statystyki odpowiedzi
Hint Odpowiedź % Poprawnych
Real/Chorwacja Kovacic | Modric | Jarni | Suker | Prosinecki
100%
Real/Turcja Guler | Altintop | Sahin
85%
FCB/Chorwacja Halilovic | Rakitic | Prosinecki | Vucevic
77%
Atletico/Turcja Soyuncu | Belozoglu | Turan
57%
FCB/Turcja Turan | Recber
57%
Real/Meksyk Chicharito | Sanchez | Borbolla | Sauto
52%
Atletico/Meksyk Herrera | Jimenez | Garcia | Sanchez
40%
FCB/Meksyk Araujo | dos Santos | Marquez
34%
Atletico/Chorwacja Grbic | Kalinic | Vrsalijko | Mandzukic
23%
Nie znaleziono quizów pasujących do podanych kryteriów
Rozkład punktacji
Procent ludzi z każdym wynikiem
Percentyl według liczby udzielonych odpowiedzi
Twoja historia wyników
Nie rozwiązałeś tego quizu